Tratamiento biológico de aguas de desecho

Bibliographic Details
Main Author: Winkler, Michael A.
Format: Section = Libro
Language:Undetermined
Spanish
Published: México Limusa 1998
Subjects:
LEADER 00692nam a2200241Ia 4500
008 240830s9999 xx 000 0 und d
020 |a 968-18-1926-8 
040 |a CEDOC FIQ-RUSB / 628.35 W775 
041 |a spa 
082 |a 628.35 W775 
100 1 |a Winkler, Michael A. 
245 1 0 |a Tratamiento biológico de aguas de desecho 
260 |a México  |b Limusa  |c 1998 
300 |a 338 p. :il 
650 7 |a TRATAMIENTO BIOLOGICO - AGUAS DE DESECHOS 
650 7 |b  CONTAMINACION Y CONTROL 
650 7 |c  TRANSFERENCIA DE OXIGENO 
650 7 |d  PROCESO - LODOS ACTIVADOS 
650 7 |e  TRATAMIENTO DE LODOS 
650 7 |f  PROCESOS ANAEROBICOS 
942 |c BK  |2 ddc 
991 |a TEXTO 
999 |c 14204